Diccionario manual alemán-español /
Guardado en:
| Autor Principal: | |
|---|---|
| Formato: | Libro |
| Publicado: |
Barcelona :
Hymsa,
1974
|
| Series: | Diccionarios Cuyas
|
| Materias: | |
| Etiquetas: |
Agregar Etiqueta
Sin Etiquetas, Sea el primero en etiquetar este registro!
|
| LEADER | 00613nam a22002055a 4500 | ||
|---|---|---|---|
| 001 | CEM.cems012973 | ||
| 005 | 20081006084958.0 | ||
| 008 | 130507s1974##################000#0#####d | ||
| 003 | CEMS | ||
| 020 | |a 8471830027 | ||
| 082 | 0 | 4 | |a 433.6 |
| 100 | 1 | |a Martínez Amador, E. M. | |
| 245 | 1 | 0 | |a Diccionario manual alemán-español / |c E. M. Martínez Amador |
| 260 | |a Barcelona : |b Hymsa, |c 1974 | ||
| 300 | |a 467 p. | ||
| 490 | 0 | |a Diccionarios Cuyas | |
| 653 | |a Diccionarios | ||
| 653 | |a Diccionario-alemán-español | ||
| 653 | |a Alemán-español-diccionario | ||
| 859 | |a CEMS |b BIB. CEMS - 11 de abril |h 433.6 |i M366 |p 25278.08 |t Ej.1 | ||
